[Event "Rewal op-B 13th"]
[Site "Rewal"]
[Date "2008.08.28"]
[Round "9"]
[White "Szewczyk, Janusz"]
[Black "Adamus, Filip"]
[Result "0-1"]
[WhiteElo "2048"]
[BlackElo "1716"]
[PlyCount "84"]
[EventDate "2008.08.19"]
[EventType "swiss"]
[EventRounds "9"]
[EventCountry "POL"]
[SourceTitle "CBM 126 Extra"]
[Source "ChessBase"]
[SourceDate "2008.11.05"]
[SourceVersion "1"]
[SourceVersionDate "2008.11.05"]
[SourceQuality "1"]

1. d4 d5 2. c4 e6 3. Nc3 Nf6 4. Bg5 Nbd7 5. c5 c6 6. e3 Be7 7. Bd3 0-0 8. Nf3 b6 9. b4 a5 10. a3 axb4 11. axb4 Bb7 12. 0-0 h6 13. Bh4 Nh5 14. Rxa8 Bxa8 15. Bxe7 Qxe7 16. g4 Nhf6 17. g5 hxg5 18. Nxg5 Bb7 19. Qf3 g6 20. h4 e5 21. Be2 Kg7 22. Kg2 Ra8 23. Rh1 Ra3 24. Nb1 Rb3 25. Nd2 Rxb4 26. Qg3 Rb2 27. h5 Rxd2 28. h6+ Kh8 29. dxe5 Ne4 30. Nxe4 dxe4 31. e6 Qxe6 32. Bg4 Qe5 33. Qh4 Qf6 34. Qg3 Ne5 35. Rd1 Rxd1 36. Bxd1 b5 37. Kf1 Bc8 38. Bb3 Kh7 39. Qh2 Ng4 40. Qg3 Kxh6 41. Qh3+ Kg7 42. Bc2 Qxf2# 0-1

[Event "Rewal op-B 13th"]
[Site "Rewal"]
[Date "2008.08.21"]
[Round "3"]
[White "Glatty, Zbigniew"]
[Black "Adamus, Filip"]
[Result "1-0"]
[WhiteElo "1903"]
[BlackElo "1716"]
[PlyCount "85"]
[EventDate "2008.08.19"]
[EventType "swiss"]
[EventRounds "9"]
[EventCountry "POL"]
[SourceTitle "CBM 126 Extra"]
[Source "ChessBase"]
[SourceDate "2008.11.05"]
[SourceVersion "1"]
[SourceVersionDate "2008.11.05"]
[SourceQuality "1"]

1. e4 c5 2. Nf3 e6 3. d4 cxd4 4. Nxd4 Nf6 5. Bd3 Nc6 6. Nb3 d5 7. exd5 exd5 8. 0-0 Be7 9. Bf4 0-0 10. c3 Bd6 11. Bg3 Bxg3 12. fxg3 Qb6+ 13. Kh1 Ng4 14. Qd2 Nce5 15. Nc1 Ne3 16. Rf2 N5g4 17. Rf4 Re8 18. h3 Ne5 19. Na3 Nxd3 20. Nxd3 Bf5 21. Nf2 Qc6 22. Rd4 Qd6 23. Kh2 Qh6 24. Re1 Re7 25. Rf4 Rae8 26. Rxe3 Rxe3 27. Rxf5 Qg6 28. Rf3 Rxf3 29. gxf3 Qf5 30. Kg2 h6 31. Nb5 Qd7 32. Nd4 a6 33. Nd3 Re7 34. f4 Qe8 35. Kf2 Qa4 36. a3 Qd7 37. g4 h5 38. Kf3 hxg4+ 39. hxg4 Re8 40. Ne5 Qe7 41. Nf5 Qf6 42. Qxd5 g5 43. Qxf7+ 1-0

[Event "Rewal op-B 13th"]
[Site "Rewal"]
[Date "2008.08.20"]
[Round "1"]
[White "Markiewicz, Mateusz"]
[Black "Adamus, Filip"]
[Result "1-0"]
[WhiteElo "2013"]
[BlackElo "1716"]
[PlyCount "61"]
[EventDate "2008.08.19"]
[EventType "swiss"]
[EventRounds "9"]
[EventCountry "POL"]
[SourceTitle "CBM 126 Extra"]
[Source "ChessBase"]
[SourceDate "2008.11.05"]
[SourceVersion "1"]
[SourceVersionDate "2008.11.05"]
[SourceQuality "1"]

1. e4 c5 2. Nf3 e6 3. d4 cxd4 4. Nxd4 Nf6 5. Bd3 Nc6 6. Nb3 d5 7. exd5 exd5 8. 0-0 Be7 9. h3 0-0 10. Nc3 Be6 11. Bg5 d4 12. Ne2 h6 13. Bh4 Bxb3 14. axb3 Qb6 15. Bxf6 Bxf6 16. Nf4 Nb4 17. Qf3 Nxd3 18. Qxd3 Qc5 19. Rfd1 Rfd8 20. Ne2 Rac8 21. Rd2 a6 22. Ra4 Rc7 23. Ng3 Rcd7 24. Ne4 Qb6 25. Nxf6+ Qxf6 26. Ra1 Qf4 27. Rad1 Rd6 28. g3 Qe5 29. Re2 Qf6 30. Rde1 R6d7 31. Re8+ 1-0

[Event "POL 14th Olympiade U14 Boys"]
[Site "Szczawno Zdroj"]
[Date "2008.05.01"]
[Round "7"]
[White "Adamus, Filip"]
[Black "Adamowicz, Maciej"]
[Result "1/2-1/2"]
[WhiteElo "1780"]
[BlackElo "1813"]
[PlyCount "56"]
[EventDate "2008.04.27"]
[EventType "swiss"]
[EventRounds "10"]
[EventCountry "POL"]
[SourceTitle "EXT 2009"]
[Source "ChessBase"]
[SourceDate "2008.11.26"]
[SourceVersion "1"]
[SourceVersionDate "2008.11.26"]
[SourceQuality "1"]

1. d4 d5 2. Nf3 Nf6 3. c4 e6 4. Nc3 c6 5. e3 Be7 6. Qc2 Nbd7 7. Bd2 0-0 8. Rc1 Re8 9. h3 dxc4 10. Bxc4 b5 11. Bd3 Bb7 12. 0-0 h6 13. Rfd1 Rc8 14. a3 a6 15. Ne4 Nxe4 16. Bxe4 Qb6 17. Bb4 f5 18. Bd3 c5 19. dxc5 Nxc5 20. Bxc5 Bxc5 21. Qe2 Rc7 22. b4 Bd6 23. Rxc7 Bxc7 24. Bc2 Rd8 25. Bb3 Bd5 26. Bxd5 Rxd5 27. Rc1 Qd6 28. g3 Qd7 1/2-1/2

[Event "POL-sf U13 MA+WM"]
[Site "Besia"]
[Date "2007.10.25"]
[Round "7.1"]
[White "Adamus, Filip"]
[Black "Barszcz, Michal"]
[Result "1/2-1/2"]
[WhiteElo "1805"]
[BlackElo "1707"]
[PlyCount "33"]
[EventDate "2007.10.21"]
[EventType "swiss"]
[EventRounds "9"]
[EventCountry "POL"]
[SourceTitle "EXT 2023"]
[Source "ChessBase"]
[SourceDate "2022.10.05"]
[SourceVersion "1"]
[SourceVersionDate "2022.10.05"]
[SourceQuality "1"]

1. d4 Nf6 2. Nf3 g6 3. c4 Bg7 4. Nc3 d5 5. cxd5 Nxd5 6. e4 Nxc3 7. bxc3 c5 8. Be3 Nc6 9. Qd2 cxd4 10. cxd4 0-0 11. Be2 Bg4 12. Rd1 Rc8 13. 0-0 Na5 14. Rc1 b6 15. Rxc8 Qxc8 16. Rc1 Bd7 17. d5 1/2-1/2

[Event "POL-sf U13 MA+WM"]
[Site "Besia"]
[Date "2007.10.21"]
[Round "2.1"]
[White "Baran, Dawid"]
[Black "Adamus, Filip"]
[Result "1-0"]
[WhiteElo "1652"]
[BlackElo "1805"]
[PlyCount "61"]
[EventDate "2007.10.21"]
[EventType "swiss"]
[EventRounds "9"]
[EventCountry "POL"]
[SourceTitle "EXT 2023"]
[Source "ChessBase"]
[SourceDate "2022.10.05"]
[SourceVersion "1"]
[SourceVersionDate "2022.10.05"]
[SourceQuality "1"]

1. e4 c5 2. Nf3 e6 3. d4 cxd4 4. Nxd4 Nf6 5. Nc3 Nc6 6. f4 Bb4 7. Nxc6 bxc6 8. Bd3 Bxc3+ 9. bxc3 d5 10. e5 Nd7 11. Be3 c5 12. Qg4 g6 13. 0-0 Qa5 14. c4 h5 15. Qh3 Rg8 16. cxd5 exd5 17. e6 Nf6 18. exf7+ Kxf7 19. f5 g5 20. Qf3 Bd7 21. Rab1 Qc7 22. c4 g4 23. Qd1 Qe5 24. Bxc5 dxc4 25. Bxc4+ Kg7 26. Bd4 Qe4 27. Bxf6+ Kxf6 28. Qd6+ Kg5 29. Bxg8 Qe3+ 30. Kh1 Bxf5 31. Rxf5+ 1-0